Fern Gully [ the last rainforest

Bibliographic Details
Format: Book
Published: s.l : Fox video , 19-
Subjects:

MARC

LEADER 00000cam a2200000 7i4500
001 0000005930
002 000006405
005 20000330.0
020 |a 000006405 
090 0 0 |a JF   |b FER 
245 1 0 |a Fern Gully [  |h videorecording] :   |b the last rainforest 
260 |a s.l :   |b Fox video ,   |c 19- 
300 |a 1 videocassette VHS (72 minutes) :   |b col.(PAL) 
650 0 0 |a Animal fiction 
999 |a 00162   |b VIDEO   |c JUNIOR FICTION   |e PERPUSTAKAAN KOMUNITI PETALING JAYA